| 000 | 00707cam a2200193 4500 | ||
|---|---|---|---|
| 008 | 100312t20082008mx 000 0 spa u | ||
| 035 | _aa488032 | ||
| 050 | 0 | 4 |
_aKGF2204.I9 _bD47 2008 |
| 110 | 2 | _aMéxico. Senado de la República. LX Legislatura | |
| 245 | 0 | 0 |
_aForo transversalidad de los derechos indígenas : _b27 y 28 de Febrero de 2007 / _cSenado de la república |
| 250 | _a1a. ed. | ||
| 260 |
_aMéxico. : _bDiseño 3, _cc2008 |
||
| 300 |
_a90 p. ; _c20 cm. |
||
| 504 | _aIncluye índice | ||
| 600 | 7 |
_aIndios de México _xDerechos civiles _2Lemb |
|
| 650 | 7 |
_aIndios de México _xCondiciónes juridicas, leyes, etc... _2Lemb |
|
| 710 | 1 | _aComisión de asuntos indígenas | |
| 942 |
_2lcc _cLIB |
||
| 999 |
_c128145 _d128145 |
||